Szczegóły MARC21

Na olimpijskiej bieżni i w boju : z Pauzaniasza Wędrówki po Helladzie księgi V, VI, i IV /

003 -Nazwa inst., której nr kontr. jest w polu 001 [,]
    • @
    • Nazwa instytucji, której n kontrolny jest w polu 001
    • NUKAT
005 -DATA I CZAS OSTATNIEJ MODYFIKACJI [,]
    • @
    • pole kontrolne
    • 20241231091116.0
040 -Instytucja sporządzająca opis [ , ]
    • a
    • Instytucja, która sporządziła opis (NP)
    • LUBL KUL/jw
    • c
    • Instytucja, która sporządziła rekord (NP)
    • LUBL KUL/jw
    • d
    • Instytucja, która zmodyfikowała rekord (P)
    • LUBL KUL/JP
    • d
    • Instytucja, która zmodyfikowała rekord (P)
    • TOR U/TMs
    • d
    • Instytucja, która zmodyfikowała rekord (P)
    • KR 119/MW
041 -Język dokumentu [1, ]
    • a
    • Język tekstu (P)
    • polski
    • h
    • Język tekstu oryginalnego i/lub pośredniego (P)
    • grc
942 -Rodzaj dokumentu [ , ]
    • c
    • Rodzaj dokumentu
    • Książka
100 -Hasło główne - nazwa osobowa [0, ]
    • a
    • Nazwa osobowa (NP)
    • Pausanias Periegetes
    • d
    • Daty biograficzne (NP)
    • (około 115-około 180).
    • 9
    • KHW
    • 31549
240 -Tytuł ujednolicony [1,0]
    • a
    • Tytuł ujednolicony
    • Periī'gīsis tīs Helládos
    • l
    • Język tekstu
    • (pol. ;
    • k
    • Sformalizowane określenie
    • wybór)
    • 9
    • KHW
    • 31550
245 -Strefa tytułu i oznaczenia odpowiedzialności [1,0]
    • a
    • Tytuł
    • Na olimpijskiej bieżni i w boju : Find
    • b
    • Ciąg dalszy tytułu (NP)
    • z Pauzaniasza Wędrówki po Helladzie księgi V, VI, i IV / Find
    • c
    • Pozostałe elementy strefy tytułu i oznaczenia odpowiedzialności (NP)
    • przeł. z jęz. grec. i oprac. Janina Niemirska-Pliszczyńska.
260 -Strefa adresu wydawniczego [ , ]
    • a
    • Miejsce wydania (P)
    • Wrocław :
    • b
    • Nazwa wydawcy (P)
    • Ossolineum,
    • c
    • Data wydania (P)
    • 1968.
300 -Strefa opisu fizycznego [ , ]
    • a
    • Określenie formy książki i/lub objętość (NP)
    • 356, [3] s. :
    • b
    • Oznaczenie ilustracji (NP)
    • il. ;
    • c
    • Format (NP)
    • 22 cm.
336 -Typ zawartości [ , ]
    • a
    • Termin opisujący typ zawartości
    • Tekst
    • b
    • Kod określający zawartość
    • txt
    • 2
    • Źródło (terminu i kodu)
    • rdacontent
337 -Typ mediów [ , ]
    • a
    • Tryb odtwarzania
    • Bez urządzenia pośredniczącego
    • b
    • Kod typu mediów
    • n
    • 2
    • Źródło (terminu i kodu)
    • rdamedia
338 -Typ/rodzaj nośnika [ , ]
    • a
    • Hasło opisujące typ nośnika
    • Wolumin
    • b
    • Kod typu nośnika
    • nc
    • 2
    • Źródło (terminu i kodu)
    • rdacarrier
504 -Uwaga dot. bibliogr. załącznikowej [ , ]
    • a
    • Uwaga dot. bibliografii załącznikowej
    • Bibliogr. s. 324-[325]. Indeks.
080 -Uniwersalna Klasyfikacja Dziesiętna [ , ]
    • 2
    • Identyfikator wydania tablic
    • UDC-P058
    • 9
    • UKD
    • 6983
    • a
    • Symbol klasyfikacji
    • 94(38)
    • b
    • Dopowiedzenie
    • Historia starożytna. Grecja. Hellada.
    • 4
    • UKD2
    • 10307
    • x
    • Poddział wspólny
    • ".../01"
    • c
    • Dopowiedzenie poddz. wspólnego
    • Do II w.
080 -Uniwersalna Klasyfikacja Dziesiętna [ , ]
    • 2
    • Identyfikator wydania tablic
    • UDC-P058
    • 9
    • UKD
    • 2547
    • a
    • Symbol klasyfikacji
    • 255.2-264
    • b
    • Dopowiedzenie
    • Mitologia grecka.
080 -Uniwersalna Klasyfikacja Dziesiętna [ , ]
    • 2
    • Identyfikator wydania tablic
    • UDC-P058
    • 9
    • UKD
    • 6282
    • a
    • Symbol klasyfikacji
    • 796.032
    • b
    • Dopowiedzenie
    • Ruch olimpijski. Olimpiady. Igrzyska olimpijskie.
    • 4
    • UKD2
    • 8457
    • x
    • Poddział wspólny
    • (38)
    • c
    • Dopowiedzenie poddz. wspólnego
    • (Grecja. Hellada).
650 -Hasło przedmiotowe [ ,7]
    • a
    • Hasło przedmiotowe
    • Igrzyska olimpijskie w starożytności.
    • 2
    • Źródło terminu
    • kaba
    • 9
    • KHW
    • 111701
651 -Hasło przedmiotowe w formie nazwy geograficznej [ ,7]
    • a
    • Nazwa geograficzna
    • Grecja
    • x
    • Określnik rzeczowy
    • opisy i relacje z podróży
    • y
    • Określnik chronologiczny
    • 2 w.
    • 2
    • Źródło terminu
    • kaba
    • 9
    • KHW
    • 365637
980 -Symbol UKD [ , ]
    • a
    • UKD
    • 94(38)".../01":252.2-264:796.032(38)
700 -Hasło dodatkowe - nazwa osobowa [1, ]
    • a
    • Nazwa osobowa (NP)
    • Niemirska-Pliszczyńska, Janina Find
    • d
    • Daty biograficzne (NP)
    • (1904-1982).
    • e
    • Określenie rodzaju współpracy
    • Tł.
    • 9
    • KHW
    • 31548
Sygnatura Status udost. Numer inwentarzowy Data inwentaryzacji Lokalizacja Uwagi nie widoczne w OPAC
 -3W.2233 BG[n]retrokonwersja
 -3W.2234 BG[n]retrokonwersja
W.22332W.2235 BG[n]retrokonwersja
W.22332W.2236 BG[n]retrokonwersja
 -3W.27757 BG 
 -3W.27756 BG 
 -3W.27755 BG 
Z.7071Z.7072012-01-16BG[n]retrokonwersja
Historia kultury fizycznej 121WF.4025 BM